Welcome to CU Library Online Public Access Catalogue (OPAC)

CHRISTIAN THEOLOGY (Record no. 6934)

MARC details
000 -LEADER
fixed length control field 00378nam a22001577a 4500
005 - DATE AND TIME OF LATEST TRANSACTION
control field 20250712131250.0
008 - FIXED-LENGTH DATA ELEMENTS--GENERAL INFORMATION
fixed length control field 250712b |||||||| |||| 00| 0 eng d
020 ## - INTERNATIONAL STANDARD BOOK NUMBER
International Standard Book Number 9780801021824
050 ## - LIBRARY OF CONGRESS CALL NUMBER
Classification number BT75
Item number 2 ERI
100 ## - MAIN ENTRY--PERSONAL NAME
Personal name ERICKSON MILLARD J.
245 ## - TITLE STATEMENT
Title CHRISTIAN THEOLOGY
250 ## - EDITION STATEMENT
Edition statement 2ND
260 ## - PUBLICATION, DISTRIBUTION, ETC.
Place of publication, distribution, etc. MICHIGAN
Name of publisher, distributor, etc. BARKER BOOK
Date of publication, distribution, etc. c1985
300 ## - PHYSICAL DESCRIPTION
Extent 1312p
942 ## - ADDED ENTRY ELEMENTS (KOHA)
Source of classification or shelving scheme Library of Congress Classification
Koha item type Books
Suppress in OPAC No
999 ## -
-- 6934
-- 6934
Holdings
Withdrawn status Lost status Source of classification or shelving scheme Damaged status Not for loan Collection Home library Current library Shelving location Date acquired Total checkouts Full call number Barcode Date last seen Copy number Price effective from Koha item type
    Library of Congress Classification     Non-fiction Business Library (Miotso) Business Library (Miotso) General stacks 03/04/2026   BT75.2 ERI BSSM00002465 03/04/2026 1 03/04/2026 Books
    Library of Congress Classification     Non-fiction Business Library (Miotso) Business Library (Miotso) General stacks 03/04/2026   BT75.2 ERI BSSM00002466 03/04/2026 2 03/04/2026 Books
    Library of Congress Classification     Non-fiction Undergraduate Library (Christ Temple) Undergraduate Library (Christ Temple) General stacks 07/12/2025   BT75.2 ERI ulct00003804 07/12/2025 1 07/12/2025 Books
© 2023-2024 Copyright: Central University Libraries. All Rights Reserved | Created by: Mahone Tech Office